| Tag |
First Indicator |
Second Indicator |
Subfields |
| LEADER |
00000cam a22000005i 4500 |
| 001 |
in00001132721 |
| 005 |
20150930083402.0 |
| 007 |
hd afa010baca |
| 008 |
900524s1837 ctu a f000 0 spa d |
| 035 |
|
|
|a (OCoLC)21586929
|
| 035 |
|
|
|9 AFX4765AM
|
| 040 |
|
|
|a RQE
|c RQE
|d TXA
|d UtOrBLW
|
| 043 |
|
|
|a n-mx---
|
| 049 |
|
|
|a TXAI
|
| 099 |
|
|
|a film
|a B
|a 1549
|a reel 14
|a no. 927
|
| 110 |
1 |
|
|a Mexico.
|b Ministerio de lo Interior.
|
| 245 |
1 |
0 |
|a Libertad del Exmo. Sr. General Presidente D. Antonio Lopez de Santa-Anna :
|b parte oficial.
|
| 264 |
|
1 |
|a San Luis Potosí :
|b Imprenta del Gobierno á cargo del ciudadano José Maria Infante, 1837.
|c [date of publication not identified]
|
| 300 |
|
|
|a 1 broadside ;
|c 31 x 21 cm.
|
| 336 |
|
|
|a text
|b txt
|2 rdacontent
|
| 337 |
|
|
|a microform
|b h
|2 rdamedia
|
| 338 |
|
|
|a microfilm reel
|b hd
|2 rdacarrier
|
| 500 |
|
|
|a Caption title.
|
| 500 |
|
|
|a At head of title: Alcance al número 170 de la Opinion.
|
| 500 |
|
|
|a Dated and signed: México enero 11 de 1837. J. de Iturbide - Exmo. Sr. Gobernador del Departamento de San Luis Potosí.
|
| 533 |
|
|
|a Microfilm.
|b Woodbridge, Ct. :
|c Research Publications, Inc.,
|d 1981.
|e 1 microfilm reel ; 35 mm.
|f (Texas as province and republic, 1795-1845 ; reel 14, no. 927).
|
| 500 |
|
|
|a Microform.
|
| 600 |
1 |
0 |
|a Santa Anna, Antonio López de,
|d 1794?-1876.
|
| 830 |
|
0 |
|a Texas as province and republic, 1795-1845.
|
| 999 |
|
|
|a MARS
|
| 999 |
f |
f |
|s a6a5cee5-4857-3217-89d6-ac441c127495
|i fa21a54c-def1-391d-8ab7-d8e0d2d56ac0
|t 0
|
| 952 |
f |
f |
|p default
|a Texas A&M University
|b College Station
|c Sterling C. Evans Library
|d Evans: Microforms (3rd floor)
|t 0
|e film B 1549 reel 14 no. 927
|h Other scheme
|i microform -- microfilm reel
|
| 998 |
f |
f |
|a film B 1549 reel 14 no. 927
|t 0
|l Evans: Microforms (3rd floor)
|